000 00594nam a22002057a 4500
999 _c442836
_d442836
003 UA-OsUOA
005 20191119095527.0
008 191119b un a|||| |||| 00| 0 ukr d
040 _aUA-OsUOA
_bukr
_cUA-OsUOA
_dUA-OsUOA
041 _aukr
080 _a821.161.2
090 _a821.161.2
_bО-77
100 _aОстровський М
245 _aЯк гартувалася сталь
_bроман
_cМикола Островський
260 _aКиїв
_bМолодь
_c1951
300 _a281 с.
_bілюстрації
650 _a821.161.2
942 _2udc
_cBK
955 _a3